| 000 | 00358 a2200133 4500 | ||
|---|---|---|---|
| 000 | nam a22 7a 4500 | ||
| 100 | _aGupta, Nisha | ||
| 110 | _aGupta, Nisha | ||
| 245 | _aकला दर्शन- Art Philosophy | ||
| 250 | _aLatest edition | ||
| 260 |
_bVishav bharti publication _c2024 |
||
| 264 |
_bVishav bharti publication _c2024 |
||
| 942 | _cBK | ||
| 999 |
_c395988 _d395988 |
||